ご注文はうさぎですか? 楽曲 - Statistics

General Stats
  • This quiz has been taken 41 times
    11 since last reset
  • The average score is 9 of 164
Answer Stats
楽曲名 % Correct
ノーポイッ!
78%
D Daydream café
78%
D Daydream café and dream!
78%
天空カフェテリア
67%
ときめきポポロン♪
67%
なかよし!○!なかよし!
56%
セカイがカフェになっちゃった!
44%
ぽっぴんジャンプ♪
44%
宝箱のジェットコースター
22%
なんとなくミライ
22%
日常デコレーション
22%
本日は誠にラリルレイン
22%
E Eを探す日常
22%
ときめきLOOPにのって
22%
ぴょん's ぷりんぷるん
22%
一匙のお姫さま物語
11%
うさぎになったバリスタ
11%
お菓子な夢をおひとつどうぞ♪
11%
カフェインファイター
11%
きらきらエブリディ
11%
きらめきカフェタイム
11%
チェスマッチカフェチェックオレ
11%
チョコリズムチョコルール
11%
月夜にお砂糖星
11%
天高くおとめこゆる秋
11%
のんピースマイペース
11%
ハピネスアンコール
11%
ふわふわバルーンが飛び出した!
11%
魔法少女チノ
11%
みえるよみえる
11%
やきもち風味のカモミール
11%
ユメ<ウツツ→ハッピータイム
11%
ワオワオ動物園
11%
C CANDY COLOR DAYS
11%
S Sunshine Days
11%
ナマイキTiny Heart
11%
V VSマイペース?
11%
W WELCOME【う・さ!】
11%
文色徒然
0%
秋色かくれんぼ
0%
あこがれプリーツ♡
0%
足音タルトタタン♪
0%
あした元気になぁれ!
0%
あん・どぅ・とろわ
0%
色葉おしながき
0%
おいしいパンの作り方
0%
お茶会物語
0%
お月見数え唄
0%
お手伝いのラララン添えはいかがですか?
0%
お祭り輪っしょい!!
0%
思い出花火
0%
おもちゃ箱ハピズム♪
0%
かえりみちスキップ
0%
鏡合わせのアンビバレット
0%
かさねおり
0%
風の便り
0%
紙ヒコーキレター
0%
甘美コラボレーション
0%
ギミ×デミぱーりないっ♪
0%
きらきらアラモード
0%
きらきら印を見つけたら
0%
きらめきのみぞ知る行方
0%
きらめきを探しに
0%
@ぐ~るぐるわーるど@
0%
コーヒーカップでエスコート
0%
ココロそばにいるよ
0%
木もれび青春譜
0%
ショコらびゅサバイバル♪
0%
しんがーそんぐぱやぽやメロディー
0%
新作のしあわせはこちら!
0%
すいーと・すきっぷ・すてっぷ
0%
スキでスゴイになりたいな
0%
ずっと一緒
0%
素敵なダンスタイム
0%
スマイルメーカー
0%
センチメンタルごっこ
0%
センチメンタルボタン
0%
全天候型いらっしゃいませ
0%
そおっとブランケット
0%
空色サロン
0%
頼れる私でいられるように
0%
チャイム♪タイムカプセル
0%
チョコレート・アスレチック
0%
出かけましょうと答えましょう
0%
てくてくマーチングマーチ
0%
ドキドキのはじまり
0%
ときめきミルフィーユ
0%
とびっきりアネバーサリー
0%
トラブル!?トラベル!!
0%
ナイショのはなしは夢の中で
0%
夏休みページ
0%
にっこりカフェの魔法使い
0%
♡♡ケーキをもうひとつ?
0%
ハートぷるぷる事件です
0%
ハートふるムーン
0%
パジャマプラネタリウム
0%
パッと!花咲くティーポット
0%
ハピハピ♪バースデイソング
0%
薔薇色チュチュとピルエット
0%
ぱりぷれいやー!!
0%
パンパカパンのパンのパーティー
0%
ヒミツのおもてなし
0%
ぷちょへんざ☆ゆにばーす
0%
振り向けば月、いいえ団子。
0%
プレゼントレジャー♡
0%
ホットホワイトデリバリー♪
0%
ポップコーンはぷにんぐ!
0%
ボトルシップの旅
0%
魔女と使い魔のふしぎな館
0%
幻のルビーラビット事件
0%
マワールエスポワール
0%
ミカヅキドロップ
0%
ミッドナイト・パーティー
0%
未来パズル
0%
魅惑のダイヤモンドティーカップ事件
0%
メランコリアフタヌーン
0%
夢見るアプレミディ
0%
夢・もしもしもしも?
0%
予感のぴんぽん聞こえたら
0%
ラ・エレガンス
0%
「ラビットハウスへ行こうよ♪」のうた
0%
ラ・ラ・ラ!ラ?モーニング
0%
リトル*トレジャー*ハント
0%
流星ガーデン
0%
冷静とモフモフの国境線
0%
わーいわーいトライ!
0%
わくわく魔法のチカラ
0%
私と浪漫ていすと
0%
0時過ぎのWonder Cocktail
0%
3月の扉
0%
A a cup of happiness
0%
B Bitter Tea:Time
0%
銀のスプーン~Blend of Memory~
0%
C COCOATIC BAR
0%
ショコラティーヌ de 3時
0%
D Dear Me
0%
おかえりなさい~Dear my sister~
0%
わくわくDIARY
0%
E Everyday Level Up!!
0%
F FANCY SWEET TIME
0%
F Fantastic Rabbit House
0%
夢見FLAVOR
0%
F Foooo are you?
0%
F FUN!FUN!
0%
G Growth Record
0%
H Happy Holiday
0%
H Have a Nice Drink
0%
H Hi Hi High☆
0%
L Love&Gun
0%
無敵のMidnight crew
0%
M MIRACLE CHRONICLE♪
0%
ピポパポPeople!
0%
R Rabbit Hole
0%
麗しのShooting star
0%
らびっとビビっとShow Time*
0%
S Sing a Song!!!!!
0%
S Sister or Sister?
0%
ハミングsoon!
0%
S Spring Hello!!
0%
とびきりsummer time
0%
キミとSwinging Night
0%
怪盗ラパン-The Phantom Thief Lapin-
0%
T Tiny Christmas Party
0%
W winter*gift
0%
No matching quizzes found
Score Distribution
Percent of People with Each Score
Percentile by Number Answered
Your Score History
You have not taken this quiz since the last reset